[Event "Escaldes zt"]
[Site "Escaldes"]
[Date "1998.11.14"]
[Round "9"]
[White "Hebden, Mark"]
[Black "Illescas Cordoba, Miguel"]
[Result "0-1"]
[WhiteElo "2590"]
[BlackElo "2605"]
[Annotator "Tsesarsky,I"]
[PlyCount "81"]
[EventDate "1998.11.06"]
[EventType "swiss"]
[EventRounds "9"]
[EventCountry "AND"]
[SourceTitle "CBM 068"]
[Source "ChessBase"]
[SourceDate "1999.02.01"]
[SourceVersion "1"]
[SourceVersionDate "1999.02.01"]
[SourceQuality "1"]

{[%mdl 2080]} 1. d4 {Illescas Cordoba} Nf6 2. Nf3 d5 3. c4 e6 4. Bg5 dxc4 5.
Qa4+ Nbd7 (5... Nc6 $6 6. e3 (6. Qxc4 Be7 7. Nc3 O-O 8. e4 Bd7 9. Be2 Na5 10.
Qd3 $14 {1-0 Conchess 2mhz-Chess 2175/computer 1990 (63)}) 6... Bd7 7. Qxc4 Be7
8. a3 O-O 9. Bd3 b5 10. Qc2 h6 11. Bh4 Nd5 12. Bg3 $14 {1-0 Hollstein,
R-Braeutigam,M/Bochum Post ,EXT 1991 (36)}) (5... Bd7 6. Qxc4 Na6 7. Nbd2 c5 8.
a3 Rc8 9. e3 Qa5 10. Rd1 Ne4 11. Bf4 (11. d5 Nd6 $1 (11... Nxd2 12. Rxd2 exd5 (
12... Nc7 13. e4 h6 14. Bf4 b5 15. Qe2 $14) (12... b5 13. dxe6 $1 fxe6 (13...
bxc4 14. exd7#) (13... Qxd2+ 14. Kxd2 bxc4 15. exd7+ Kxd7 16. Bxc4 $18) 14. Qf4
Bc6 15. Ne5 Qc7 16. Rd7 $1 $18) 13. Qxd5 Nb8 14. Ne5 $18 {1-0 Sokolsky,
A-Gurvich/URS 1946 (20)}) 12. Qa2 Nb4 13. Qb1 Nxd5 14. e4 Ne7 $17) 11... Nxd2
12. Nxd2 cxd4 13. Qxd4 Nb8 $11) 6. Nbd2 (6. Nc3 a6 (6... h6 7. Bh4 $5 (7. Bxf6
Qxf6 8. e4 (8. Qxc4 c5 $132))) (6... Be7 7. e3 (7. Rd1 O-O 8. e4 a6 9. e5 (9.
Qxc4 b5 10. Qd3 (10. Qc6 Rb8 11. Bf4 Bb7 12. Qxc7 Qxc7 13. Bxc7 Rbc8 14. Ba5
Nxe4 $15) 10... Bb7 $11) 9... Nd5 (9... Nb6 10. Qc2 (10. exf6 gxf6 $1 (10...
Nxa4 11. fxe7 Qe8 12. exf8=Q+ Kxf8 13. Rd2 $14) 11. Qc2 fxg5 $17) 10... Nfd5
11. h4 f6 12. exf6 gxf6 13. Bh6 Rf7 14. Be2 Bd7 15. Nd2 Bb4 16. Rc1 (16. Kf1
Nxc3 17. bxc3 Ba4 $19) 16... Bb5 17. Qe4 $44) 10. Bxe7 Nxe7 11. Qxc4 b5 12. Qd3
Bb7 13. Be2 c5 14. O-O {1/2-1/2 Petrosian,A-Lukacs,P/Baile Herculane 1984/Inf
37 (14)}) 7... O-O 8. Qxc4 a6 9. b4 b5 (9... b6 10. Be2 c5 11. bxc5 bxc5 12.
dxc5 Nxc5 13. Bxf6 gxf6 14. O-O Bb7 15. Rfd1 Qa5 16. Rac1 (16. Qg4+ Kh8 17.
Rac1 Rad8 $11) 16... Rad8 17. Qg4+ Kh8 18. Rxd8 Rxd8 19. Qh5 Nb3 $1 20. Qxa5
Nxa5 $11) 10. Qb3 a5 11. Bxb5 axb4 12. Na4 Ra5 13. Bxd7 Qxd7 14. Nc5 Bxc5 15.
dxc5 Ne4 16. Qxb4 (16. O-O Nxg5 17. Nxg5 Rxc5 18. Ne4 Rb5 $17 {1-0 Dejkalo,
S-Hawelko,M/Naleczow 1985 (32)}) 16... Ra4 17. Qb2 Nxc5 18. O-O $11) 7. e4 (7.
Qxc4 c5 8. Bxf6 (8. dxc5 Bxc5 9. b4 (9. e3 b5 10. Qh4 Bb7 11. Be2 b4 12. Na4
Be7 13. O-O Qa5 14. b3 h6 15. Rac1 O-O 16. Bxf6 Nxf6 17. Nd2 Rad8 18. Nc4 Qf5
19. Qg3 Bd5 20. Bf3 Ne4 21. Bxe4 Bxe4 $15) 9... b5 10. Qb3 Be7 11. Rc1 O-O 12.
e3 Bb7 13. Be2 h6 14. Bh4 Nd5 15. Bxe7 Qxe7 $11) (8. a4 cxd4 9. Qxd4 (9. Nxd4
Ne5 $19) 9... Bc5 $11) (8. e3 b5 9. Qd3 Qa5 10. Ne5 Bb7 11. Nxd7 Nxd7 12. f3 c4
(12... Rc8 $15) 13. Qb1 Rc8 14. Bf4 Nb6 $15 {0-1 Steinfeld,B-Kaidanov,G/
Cincinnati 1992 (58)}) 8... gxf6 (8... Qxf6 9. Ne4 Qf4 10. Nxc5 Nxc5 11. e3 Qd6
12. dxc5 Qxc5 13. Qxc5 Bxc5 $11)) (7. Bxf6 gxf6 8. O-O-O Rb8 9. Qxc4 b5 10. Qd3
Bh6+ 11. e3 Bb7 12. d5 (12. Qc2 Qe7 (12... f5 13. d5 b4 14. dxe6 fxe6 15. Ne5
bxc3 16. Nxd7 Bg7 17. bxc3 $18) 13. Kb1 f5 (13... c5 14. d5 $14) 14. Bd3 c5 15.
d5 b4 16. dxe6 fxe6 17. Ne2 Rg8 $132) 12... Qe7 13. dxe6 (13. Qc2 $132) 13...
fxe6 14. Qd4 Bg7 15. Qg4 $132 (15. Qh4 $6 f5 16. Qxe7+ (16. Qh5+ Kf8 $15) 16...
Kxe7 $15 {0-1 Goldin,A-Gelfand,B/URS-FL56 Klaipeda 1988 (32)})) 7... b5 (7...
Rb8 8. Bxf6 (8. Qxc4 b5 9. Qb3 h6 10. Bxf6 Nxf6 11. e5 Nd7 $11) (8. e5 b5 9.
Qc2 h6 10. Bh4 g5 11. Nxg5 hxg5 12. Bxg5 c5 $17) 8... Qxf6 9. Qxc4 c5 10. e5
Qf4 11. d5 Qxc4 12. Bxc4 Nb6 13. Nd2 Nxc4 14. Nxc4 b5 15. Ne3 Be7 16. d6 Bd8
$132 {1/2-1/2 Damaso,R-Korneev,O/Open, Leon ESP 1998 (33)}) (7... Be7 8. Bxc4
O-O 9. Qc2 $14) 8. Nxb5 Rb8 (8... axb5 9. Qxa8 $16) 9. Nc3 (9. Na7 Rb4 10. Qc2
Bb7 $15 {[%csl Ra7]}) (9. Na3 Bb4+ 10. Bd2 Bxa3 11. Qxa3 Nxe4 $15) 9... Rxb2
10. Ne5 (10. e5 Bb4 11. O-O-O Bxc3 12. exf6 gxf6 13. Bd2 Rb4 14. Qxb4 (14. Qa3
Bb2+) (14. Qa5 Rb1+) (14. Qc6 Bb7) 14... Bxb4 15. Bxb4 Nb6) 10... Bb7 $132 {
1-0 Speelman,J-Muir,A/England chT 1994/ (44)} (10... Bb4 11. Qxb4 Rxb4 12. Nc6
h6 13. Nxd8 hxg5 14. Nc6 Rb6 15. Na5 e5 16. Nxc4 exd4 17. Nxb6 $14) (10... h6
$1 11. Bc1 (11. Nc6 Nb6 12. Nxd8+ Nxa4 13. Nxa4 Rb4 (13... Bb4+ 14. Kd1 hxg5
15. Nxb2 Nxe4 $132) 14. Bxf6 gxf6 15. Nc3 Kxd8 $17) 11... Rb4 12. Qc2 Nxe5 (
12... c5 13. Nc6 $132) 13. dxe5 Ng4 $15)) (6. Qxc4 c5 (6... Be7 7. Nc3 (7. g3
a6 8. Nbd2 b5 9. Qc6 Ra7 10. Bg2 Bb7 11. Qc2 O-O 12. O-O Qa8 13. Nb3 Be4 $11)
7... a6 8. Rd1 b5 9. Qb3 O-O 10. e3 Bb7 11. Be2 c5 12. dxc5 Qc7 13. Bxf6 Bxf6
14. O-O Nxc5 15. Qa3 Rac8 $15 {0-1 Rivas Pastor,M-Pinter,J/Rome 1984 (45)}) 7.
e3 a6 (7... Bd6 8. Nc3 a6 9. Ne4 $16) 8. a4 b5 9. Qc2 Qa5+ 10. Qd2 b4 11. Bxf6
Nxf6 12. Bd3 Bb7 13. dxc5 Bxf3 14. gxf3 Bxc5 $15 {0-1 Sirnik,B-Sveshnikov,E/
Nova Gorica SLO 1997 (33)}) (6. g3 a6 7. Qxc4 b5 8. Qc1 Bb7 9. Bg2 Rc8 10. Qd1
c5 11. dxc5 Bxc5 12. O-O O-O 13. Nbd2 h6 $15 {0-1 Gheorghiu,F-Ribli,Z/Luzern
1985/Inf 40 (49)}) (6. e4 Be7 $143 (6... c6 7. Qxc4 h6 8. Bxf6 Nxf6 9. Nbd2 Qb6
10. Bd3 c5 11. O-O cxd4 12. Nxd4 (12. e5 $132) 12... Bd7 13. Qc3 $132 (13. Rac1
$4 Rc8 $19 14. Qxc8+ Bxc8 15. Rxc8+ Kd7 16. Rfc1 Bd6 17. Rxh8 Qxd4 18. Nf3 Qxd3
19. e5 Ne4 (19... Nd5 $2 20. exd6 Kxd6 $4 21. Rd8+ Ke7 22. Rd7+ {1-0 Mohr,
G-Sieiro Gonzalez,L/Belfort World Cup 1988 (22)} Kf6 23. Rxf7+ $1) 20. exd6 Qe2
$19)) (6... a6 $5) 7. Nbd2 (7. Nc3 O-O 8. Qxc4 (8. Bxc4 Nb6 9. Qb3 Nxc4 10.
Qxc4 b6 11. e5 Nd5 12. Bxe7 Nxe7 13. O-O Bb7 $15) 8... a6 9. Rd1 $14) 7... O-O
8. Bxc4 Nb6 (8... a6 9. Qc2 c5 10. e5 Nd5 11. Bxd5 exd5 12. Bxe7 Qxe7 13. O-O
b6 14. Rfe1 Rd8 15. Rac1 Bb7 16. Nf1 Rac8 17. Qf5 Nf8 $132 {1-0 Mohr,
S-Kotronias,V/Budapest Elekes 1988 (55)}) (8... c5 9. e5 Nd5 10. Bxe7 Qxe7 (
10... Nxe7 11. dxc5 Nxc5 12. Qa3 $14) 11. Bxd5 exd5 12. O-O $11) 9. Qc2 Nxc4 (
9... h6 10. Bh4 g5 (10... Nxc4 11. Nxc4 g5 12. Bg3 g4 13. Nfd2 Qxd4 14. Be5 Qc5
15. Qc3 Ne8 16. Qg3 $44) 11. Bg3 g4 12. Ne5 Qxd4 13. Be2 Bb4 14. O-O-O Bxd2+
15. Rxd2 Qxe4 $15) 10. Nxc4 h6 (10... b6 11. Nce5 Bb7 12. Nc6 Bxc6 13. Qxc6 $14
) 11. Bxf6 Bxf6 12. O-O-O $132 {1/2-1/2 Dautov,R-Ribli,Z/Altensteig 1994 (16)})
(6. e3 Be7 (6... c5 7. Bxc4 cxd4 8. exd4 Be7 9. Nc3 O-O 10. Qc2 h6 11. Bh4 b6
12. O-O Bb7 13. Qd3 Nh5 14. Bg3 (14. Bxe7 Qxe7 15. d5 Nf4 16. Qe3 Qf6 $11)
14... Nxg3 15. hxg3 Bb4 (15... a6 $15) 16. Ne2 Nf6 $15 {1/2-1/2 Andersson,
U-Ribli,Z/Tilburg 1984/Inf 38 (31)}) (6... c6 7. Qxc4 Qa5+ 8. Nc3 Ne4 9. Qa4
Qxa4 10. Nxa4 Bb4+ 11. Ke2 b5 12. Nc3 Nxc3+ 13. bxc3 Bxc3 14. Rc1 b4 15. Kd1 f6
$17 {0-1 Vladimirov,E-Kaidanov,G/Gausdal INT(5) 1991 (38)}) (6... a6 7. Bxc4
Be7 8. O-O O-O 9. Qc2 b5 10. Bd3 Bb7 11. Nbd2 h6 12. Bh4 c5 $11 {0-1 Noble,
A-Polajzer,D/St Ingbert ,EXT 1990 (53)}) 7. Bxc4 O-O 8. Qc2 (8. Be2 h6 9. Bh4
c5 10. Nc3 (10. O-O $11) 10... a6 11. O-O b5 12. Qc2 Bb7 13. dxc5 Bxc5 14. Rfd1
Qb8 15. Bxf6 Nxf6 $11 {0-1 Smejkal,J-Tukmakov,V/Moskva (GMA) 1989/Inf 47/
[Tukmakov,V] (35)}) (8. O-O Nb6 9. Qc2 Nxc4 10. Qxc4 $11) 8... h6 9. Bh4 c5 10.
O-O cxd4 11. exd4 Nb6 12. Bb3 Bd7 13. Ne5 Ba4 14. Rd1 Bxb3 15. Qxb3 Nfd5 $15 {
1/2-1/2 Andersson,U-Ribli,Z/Reggio Emilia 1985 (29)}) 6... a6 (6... c5 7. Nxc4
a6 8. Bxf6 gxf6 9. dxc5 Bxc5 10. Qd1 b5 11. Ncd2 Bb7 12. e3 $11 {0-1 Smyslov,
V-Nogueiras/Montpellier ct 1985 (34)}) 7. Qxc4 c5 (7... b5 8. Qc6 Rb8 9. Rc1
Bd6 10. Ne4 Bb4+ 11. Bd2 Bxd2+ 12. Nexd2 Bb7 13. Qxc7 Qxc7 14. Rxc7 Ke7 (14...
O-O 15. e3 Rfc8 16. Rxc8+ Rxc8 $44) 15. Ne5 (15. e3 Rhc8 16. Rc3 Bd5 17. a3
Rxc3 18. bxc3 Rc8 $15) (15. Kd1 Ng4 16. Ke1 Rhc8 $15) 15... Rhc8 16. Rxc8 Rxc8
$44 {0-1 Oms Pallise,J-Korneev,O/Linares 1997/CBM 58/[Tsesarsky] (42)}) 8. e4 (
8. dxc5 Bxc5 9. b4 b5 10. Qb3 Be7 (10... Bd6 11. Ne4 (11. e4 Bb7 12. a4 bxa4
13. Qxa4 O-O 14. Nc4 Nb6 15. Bxf6 gxf6 $17) 11... Be7 12. Nxf6+ Nxf6 13. Rd1
Qb6 14. e3 Bb7 15. Be2 $11) 11. e4 Bb7 12. Bd3 h6 13. Be3 Ng4 14. Bd4 Nde5 15.
Bc2 Bf6 16. Rd1 Nxf3+ 17. Nxf3 Bxd4 18. Rxd4 Qc7 19. O-O O-O) 8... cxd4 (8...
b5 9. Qc2 Qb6 10. Rc1 Bb7 11. Bxf6 gxf6 12. d5 O-O-O (12... exd5 13. exd5 Bxd5
14. Bd3 Ne5 15. O-O Bxf3 16. Nxf3 Nxf3+ 17. gxf3 Rd8 18. Rfe1+ Be7 19. Bxh7
$132) 13. dxe6 Qxe6 14. Be2 Rg8 15. O-O Bd6 16. g3 Kb8 17. a4 $132 {0-1
Martinovsky,E-De Boer,G/Groningen ,EXT 1994 (34)}) 9. e5 (9. Qxd4 Bc5 10. Qc3
h6 (10... Qb6 11. Bh4 O-O (11... Bb4 12. Qc2 O-O 13. Rd1 e5 14. a3 $14) 12. Bd3
$14) 11. Bh4 b5 12. e5 Nd5 13. Qxc5 Nxc5 14. Bxd8 Kxd8 $11) 9... h6 10. Bh4 $2
$17 (10. Bxf6 gxf6 11. exf6 e5 12. Qe2 Qxf6 13. Nxd4 Bc5 14. N4b3 $11) 10... g5
11. Bg3 {'N?!' Illescas Cordoba.} (11. exf6 gxh4 12. Qxd4 Qxf6 13. Qxf6 Nxf6
14. Nxh4 Bd7 15. Rc1 Bc6 $15 {1/2-1/2 Arencibia,W-Vera,R/Capablanca mem Elite,
Havana CUB 1998 (33)} (15... Bc6 {Illescas Cordoba} 16. Nhf3 Rd8 17. a3 h5 18.
Ne5 Bh6 19. Rc2 Ba4 20. b3 Bxd2+ 21. Rxd2 Rxd2 22. Kxd2 Bxb3 23. Bxa6 bxa6 24.
Rb1 Ne4+ 25. Ke3 Nc5 26. Kd4 Ke7 27. Kxc5 Bd5 28. Rb6 Rc8+ 29. Nc6+ Bxc6 30.
Rxc6 Rd8 31. Rxa6 Rd2 32. Ra8 Rxf2 33. Rg8 {1/2-1/2 Arencibia,W-Vera,R/
Capablanca mem Elite, Havana CUB 1998 (33)})) 11... Nh5 {[%csl Re5] '!'
Illescas Cordoba.} (11... Nb6 12. Qxd4 Qxd4 13. Nxd4 Nh5 14. Be2 Nxg3 15. hxg3
Bg7 16. f4 Bd7 17. Ne4 Nd5 18. Nd6+ Ke7 19. Bf3 $132) (11... Nd5 {Illescas
Cordoba}) 12. Qxd4 Qb6 $2 $15 {'!' Illescas Cordoba.} (12... Qa5 $1 13. Bd3
Nxg3 14. hxg3 Bg7 15. b4 Qd5 $17) 13. Qxb6 (13. Nc4 Bb4+ 14. Kd1 Qxd4+ 15. Nxd4
Nxg3 16. hxg3 Bc5 17. Nf3 Bxf2 18. Nxg5 Ke7 $17) 13... Nxb6 {'=/+' Illescas
Cordoba. Illescas Cordoba: '><e5, ^^'} 14. Be2 (14. Rc1 Bg7 15. Nc4 Nxc4 16.
Rxc4 b5 17. Rc5 Bb7 18. Be2 Rc8 19. Rxc8+ Bxc8 20. Kd2 Bb7 21. Re1 Ke7 $15)
14... Bg7 15. O-O-O $2 $17 (15. Ne4 $1 Nxg3 16. hxg3 g4 17. Nh2 Bxe5 18. Nxg4
Bg7 19. Ne3 (19. Nd6+ Ke7 20. Nxc8+ Raxc8 $15) 19... Bxb2 20. Rb1 Na4 21. Bd1
Nc3 22. Nd6+ Kd7 23. Nxc8 Nxb1 24. Nb6+ Ke7 25. Nxa8 Rxa8 26. Rxh6 b5 $15)
15... Bd7 $5 (15... Nd7 $5 {[%csl Re5]} 16. Nc4 (16. Ne4 Nxg3 17. hxg3 Nxe5 $17
) 16... b5 17. Nd6+ Ke7 18. Rd2 Nxg3 19. hxg3 Nxe5 $17) (15... Nxg3 {Illescas
Cordoba} 16. hxg3 g4 17. Nh2 h5 18. f4 $1 $132) 16. Rhe1 (16. Ne4 Nxg3 17. hxg3
Bc6 18. Nd6+ (18. Nf6+ Ke7 19. Nh5 Bxf3 20. Bxf3 Bxe5 21. Bxb7 Ra7 22. Be4 Rc7+
$17) 18... Ke7 19. Rd3 Nd7 $17 {[%csl Re5]}) (16. Ne4 $5 {Illescas Cordoba})
16... Ke7 17. Kb1 Rhd8 (17... Bc6 18. Rc1 Nxg3 19. hxg3 Nd7 20. Nc4 Rad8 $17)
18. Nb3 {Illescas Cordoba: '/\Na5'} (18. Ne4 Bc6 $17 (18... Bc6 {Illescas
Cordoba} 19. Nd6 Nxg3 20. hxg3 Nd7 21. Nc4 $15)) 18... Ba4 (18... Nd5 $2 19.
Na5 Nxg3 20. hxg3 b6 21. Nb7 (21. Nc4 Kf8 $15) 21... Rdb8 22. Nd6 g4 23. Nh4
Bxe5 24. Ndf5+ Kf8 25. Nxh6 $14) (18... Bc6 {Illescas Cordoba} 19. Nfd4 $140
Be4+) (18... a5 $5 {Illescas Cordoba}) 19. Rd6 {'?' Illescas Cordoba.} (19.
Rxd8 Rxd8 20. Na5 (20. Nc5 {Illescas Cordoba} Bc6 $17) 20... Rd7 21. b3 Bb5 22.
Bxb5 axb5 {'=/+' Illescas Cordoba.} 23. h3 Nd5 24. a3 Ndf4 25. Rg1 Ne2 26. Re1
Nexg3 27. fxg3 Nxg3 $17) 19... Bxb3 20. Rxb6 (20. axb3 {Illescas Cordoba} Nd7
21. Red1 Nxg3 22. hxg3 g4 23. Ne1 Bxe5 $19) 20... Bd5 21. Bd1 $6 (21. Rd6 $142
Nxg3 22. Rxd8 Rxd8 23. hxg3 g4 24. Nh4 h5 25. Bd1 Bc6 26. Kc2 Rd5 27. f4 gxf3
28. Nxf3 Rb5 $17 {[%csl Re5][%cal Gc6f3]}) 21... Rac8 (21... Rd7 22. Bb3 Bc6
23. Rb4 Rad8 $17) 22. Bb3 Bc6 23. a4 (23. Rb4 $142 $17 {Illescas Cordoba})
23... Nxg3 24. fxg3 $6 $19 (24. hxg3 g4 25. Nh4 (25. Nh2 {Illescas Cordoba} h5
26. f4 Rd2 27. Nf1 Rxg2 $19) 25... Rd2 26. f3 (26. Rb4 h5 27. f3 gxf3 28. gxf3
Bh8 29. f4 Rd3 30. Rg1 Rg8 31. Bd1 Rdxg3 32. Rxg3 Rxg3 $19) 26... gxf3 27. gxf3
Rcd8 $17) 24... g4 {'-+' Illescas Cordoba.} 25. Nh4 (25. Ng1 {Illescas Cordoba}
Rd2 $19) 25... Rd4 (25... Rd2 26. Rb4 h5 27. h3 gxh3 28. gxh3 Rd3 29. Bd1 Rxg3
$19) 26. Bc2 (26. Ka2 {Illescas Cordoba} a5 27. Ka3 Rc7 28. Re2 Rcd7 29. h3 h5
30. hxg4 hxg4 31. Re1 Kd8 $19 {/\ Kc7}) 26... a5 27. Rb3 (27. h3 h5 $19) 27...
Rcd8 28. h3 h5 29. hxg4 hxg4 30. Rbe3 Rb4 (30... Bxa4 31. Bxa4 Rxa4 $19) 31.
R3e2 Rd5 32. Re4 (32. Be4 {Illescas Cordoba} Rxe5 33. Bxc6 Rxb2+ $1) 32... Rxe4
33. Rxe4 Rd1+ $1 34. Bxd1 Bxe4+ 35. Ka2 Bxe5 36. Bxg4 Bd5+ 37. b3 Bxg3 38. Nf3
f5 39. Bh3 Kf6 40. Nd2 e5 41. Nf1 0-1

[Event "CHN-chT 2nd"]
[Site "China"]
[Date "2006.04.05"]
[Round "2"]
[White "Wang, Yue"]
[Black "Liang, Chong"]
[Result "1-0"]
[WhiteElo "2598"]
[BlackElo "2514"]
[Annotator "Tsesarsky,I"]
[PlyCount "84"]
[EventDate "2006.04.04"]
[EventType "team-tourn"]
[EventRounds "18"]
[EventCountry "CHN"]
[SourceTitle "EXT 2017"]
[Source "ChessBase"]
[SourceDate "2016.10.25"]
[SourceVersion "1"]
[SourceVersionDate "2016.10.25"]
[SourceQuality "1"]
[WhiteTeam "Tianjing"]
[BlackTeam "Guangdongc"]
[WhiteTeamCountry "CHN"]
[BlackTeamCountry "CHN"]

1. d4 c6 2. c4 d5 3. Nf3 e6 4. Bg5 Be7 5. Bxe7 Qxe7 6. Nbd2 Nf6 7. g3 $5 {
[%csl Rc8]} (7. e3 O-O 8. Qc2 b6 9. Bd3 Bb7 10. O-O dxc4 11. Qxc4 Ba6 12. Qc2
Bxd3 13. Qxd3 Nbd7 14. Rac1 c5 15. Qa6 cxd4 16. exd4 Nd5 17. a3 Nb8 18. Qc4 Nd7
19. Rc2 h6 20. Rfc1 a6 21. g3 b5 22. Qd3 N7b6 23. Ne5 b4 24. Nc6 Qg5 25. Nf3
Qh5 26. axb4 Nd7 27. Nfe5 N7f6 28. Qf3 Qxf3 29. Nxf3 Ne4 30. Nfe5 {1-0 (30) Bu,
X (2702)-Timofeev,A (2681) Sochi 2009}) 7... O-O 8. Bg2 Nbd7 9. O-O e5 10. dxe5
$146 (10. cxd5 e4 11. d6 Qxd6 12. Nc4 Qe7 13. Nfd2 Nb6 14. Qc2 Nxc4 15. Nxc4
Rd8 16. Rfd1 Be6 17. Ne3 Qb4 18. a3 Qb6 19. Nc4 Qb5 20. b3 a5 21. a4 Qb4 22. e3
Bd5 23. Rac1 c5 24. dxc5 Qxc5 25. Rd4 Bc6 26. Rcd1 Rxd4 27. Rxd4 h6 28. Qd2 Bd5
29. h3 b6 30. Bf1 Rc8 31. Qd1 Rc7 32. Nd2 Qc1 33. Nc4 Qxd1 34. Rxd1 Rc6 35. Rd4
Kf8 36. Nd2 Rc1 37. Kg2 Ke7 38. g4 Rc2 39. Bc4 Bc6 {Beliavsky,A (2640)
-Krasenkow,M (2661) Lvov 2000 1/2-1/2}) 10... Nxe5 11. Nxe5 (11. cxd5 Nxd5 $11)
11... Qxe5 12. cxd5 cxd5 {[%csl Rd5]} 13. Rb1 Re8 14. e3 Bf5 15. Nf3 Qe4 16.
Rc1 Bg4 17. h3 Bxf3 18. Bxf3 Qb4 19. Rc2 Rad8 20. Qd2 Qa4 21. b3 Qd7 22. Bg2 b6
23. Rfc1 Ne4 24. Qd4 Qf5 25. Qd1 h5 26. Qf3 Qg6 27. Rc6 Re6 28. Rxe6 fxe6 29.
Qf4 Nc5 30. Qc7 Ra8 31. h4 Kh7 32. Rf1 Qf5 33. b4 Ne4 34. Bxe4 Qxe4 35. Qf7
Qxb4 36. Qxe6 Qe4 37. Qf7 Qe5 38. Rd1 Rd8 39. Qxa7 Qf6 40. Qa4 Qb2 41. Qb3 Qf6
42. Rxd5 Rf8 1-0

[Event "USA-ch"]
[Site "Seattle"]
[Date "2003.01.16"]
[Round "7"]
[White "Zaichik, Gennadi"]
[Black "Shahade, Gregory P"]
[Result "0-1"]
[WhiteElo "2516"]
[BlackElo "2452"]
[Annotator "Tsesarsky,I"]
[PlyCount "92"]
[EventDate "2003.01.09"]
[EventType "swiss"]
[EventRounds "9"]
[EventCountry "USA"]
[SourceTitle "CBM 093"]
[Source "ChessBase"]
[SourceDate "2003.04.01"]
[SourceVersion "1"]
[SourceVersionDate "2003.04.01"]
[SourceQuality "1"]

1. Nf3 d5 2. c4 e6 3. d4 c6 4. g3 dxc4 5. Bg2 b5 6. O-O Bb7 7. Bg5 {New move.}
({The mainlines are} 7. a4) ({and} 7. Ne5) 7... Be7 8. Bxe7 Nxe7 9. Nbd2 Nd7
10. b3 cxb3 ({Worth of attention} 10... c5 11. bxc4 bxc4 12. Nxc4 {[%cal Gc4d6]
} O-O (12... Nb6 13. Na5 Ba6 14. Ne5 $16) 13. Rc1 Bd5 $11) 11. Nxb3 $44 O-O 12.
Qc2 Rc8 13. Rac1 (13. Nc5 $5) 13... h6 14. Ne5 $2 $17 {Wrong decision. White
can't afford central PP doubling considering P lack.} ({Right was another N
jump:} 14. Nc5 $1 Nxc5 15. Qxc5 {[%csl Ra7][%cal Gc5a7]} (15. dxc5 Nd5 16. Rfd1
(16. e4 Nb4 17. Qb3 Qa5 18. Rfd1 (18. a3 Na6 19. Ne5 Rcd8 20. f4 Rd4 $15) 18...
Rfd8 $11) 16... Qa5 17. Rd4 $44) 15... a5 16. Ne5 f6 17. Nd3 Qd7 18. Qc2 Qd6 (
18... Qxd4 19. Nc5 $16 {[%csl Rb7,Re6]}) 19. Nc5 Rb8 20. e3 Bc8 21. Rfd1 $14)
14... Nxe5 15. dxe5 {Black has 2 extra PP on the queen side, both pairs of RR
will be exchanged via the open d-line. If Black will prepare c6-c5 promotion
his position will become winning.} Qc7 16. Nc5 Rfd8 17. Rfd1 Ba8 {[%csl Re5]
[%cal Gc7e5]} 18. f4 ({Or} 18. Qb2 Nd5 (18... a5 $6 19. a3 Rxd1+ 20. Rxd1 Rd8
21. Qc2 Rxd1+ 22. Qxd1 Nd5 23. e4 Nc3 24. Qd6 Qc8 25. f4 b4 26. axb4 axb4 27.
Bf3 $44) 19. e4 Nb6 20. f4 Nc4 $17 (20... Nd7 $17)) 18... Nd5 {[%cal Gd5b6,
Gb6c4]} 19. Qb3 Nb6 20. Qe3 (20. e4 Nc4 21. Qf3 Qa5 22. Qf2 Qa3 $17 {[%cal
Gc4e3]}) 20... Nc4 21. Qf2 Rxd1+ 22. Rxd1 Rd8 23. Rd4 (23. Rd3 {would met by}
Nb2 $1 24. Rxd8+ Qxd8 25. e3 (25. e4 Nd1 $19) 25... Qd1+ 26. Bf1 Na4 $17) 23...
Nb6 24. e4 Na4 25. Rxd8+ ({Probably more stubborn was} 25. Nxa4 Rxd4 ({Not} 
25... bxa4 $2 26. Rxd8+ Qxd8 27. Qxa7 $14 {[%csl Ra4,Ra8]}) 26. Qxd4 bxa4 27.
Qxa4 Qb6+ 28. Kf1 Bb7 29. Bf3 Ba6+ $17 {At least White won back the sacrificed
P. But doubled PPe4,e5, pass Pc6 and weak Kf1 makes White's position difficult.
}) 25... Qxd8 26. Nxa4 Qd1+ 27. Bf1 Qxa4 28. Qd2 Qa3 29. Qd8+ Qf8 30. Qd7 a6 {
[%cal Gc6c5]} 31. Bd3 (31. Qa7 Qc8 32. Qc5 Bb7 $17) 31... Kh7 (31... c5 $17)
32. Kg2 $6 $19 (32. Qd6 Qc8 33. Qc5 $17) 32... c5 {At last...} 33. Kh3 c4 $19
34. Bc2 b4 35. Qd4 (35. f5 a5 36. f6 b3 37. axb3 cxb3 38. Bxb3 Bxe4 39. fxg7
Qxg7 40. Qd4 Qg6 41. g4 h5 42. Bd1 hxg4+ $19) 35... Qc8 36. Qb6 Qb7 37. Qe3 Qb5
38. Qd4 b3 39. axb3 cxb3 40. Bd3 Qb7 41. Kh4 b2 42. Bb1 Qb3 43. Kg4 Bc6 44. f5
Bb5 45. Kf4 Be2 46. Qe3 Qd1 0-1